Joueurs De L'Équipe Nationale Française Par Photos - Euro 2024 - Statistiques

Statistiques générales
  • Ce quiz a été pris 100 fois
  • Le résultat moyen est 23 sur 25
Statistiques - réponses
Par images Réponse % Correct
Antoine Griezmann
99%
Benjamin Pavard
99%
Mike Maignan
99%
Adrien Rabiot
98%
Kylian Mbappé
98%
Olivier Giroud
98%
Theo Hernández
98%
Eduardo Camavinga
97%
Jules Koundé
97%
Ousmane Dembélé
97%
N'Golo Kanté
96%
Alphonse Areola
94%
Dayot Upamecano
94%
Kingsley Coman
94%
William Saliba
94%
Bradley Barcola
93%
Aurélien Tchouaméni
92%
Marcus Thuram
92%
Randal Kolo Muani
92%
Ferland Mendy
90%
Warren Zaïre-Emery
90%
Brice Samba
88%
Ibrahima Konaté
88%
Jonathan Clauss
88%
Youssouf Fofana
71%
Aucun quiz correspondant
Distribution des résultats
% des personnes avec chaque résultat
Percentile par nombre de réponses
Votre historique - résultats
Vous n’avez pas pris ce quiz